000 00597nam a2200193 a 4500
001 BRCA_558
005 20190320203049.0
008 250805s1990----us-a---f##---#000-0#eng-#
020 _a0517017741
050 4 _aNK1044
_b.D43 1990
245 1 0 _aThe Decorative Art of Russia
_cintroduction by Marina Bowater.
260 _aNueva York
_bPortland House
_c1990
300 _a223 p.
_bil. a color
_c37 cm.
440 0 _aThe Library of Design
_91927
650 1 4 _aArtes decorativas
_xObras maestras
_zRusia
_91928
650 1 4 _aAntigüedades
_zRusia
_91828
700 1 _aBowater, Marina
_91929
942 _2lcc
_cB
999 _c489
_d489